000
00363nam a2200157Ia 4500
003
IT-RoPAU
008
120407s9999 xx 000 0 und d
040
_a
IT-RoPAU
040
_c
IT-RoPAU
100
_a
Agostino Lattanzi
245
_a
Bibliografia della massoneria italiana e di Cagliostro
260
_a
Olschki
300
_c
cm
490
_v
1
942
_c
BK
999
_c
8993
_d
8993